[Event "Schach Nienberge 2 - Indische Dame Müns"]
[Site "Verbandsklasse 2016/2017"]
[Date "2017.03.25"]
[Round "8.2"]
[White "Melkert, Tim"]
[Black "Frie, Michael"]
[Result "1/2-1/2"]
[WhiteElo "1875"]
[BlackElo "1894"]
[PlyCount "47"]
[EventDate "2017.??.??"]
[SourceDate "2016.10.13"]

1. e4 d6 2. d4 c6 3. c4 Qc7 4. Nc3 e5 5. Nf3 Bg4 6. Be2 Bxf3 7. Bxf3 Be7 8. Be3
Nf6 9. O-O O-O 10. d5 Nbd7 11. Qd2 a6 12. Rac1 Rfd8 13. g3 Rac8 14. Na4 c5 15.
b4 b6 16. a3 Rb8 17. Rb1 Rdc8 18. Rfc1 Qa7 19. h3 Bd8 20. Nb2 b5 21. Nd3 Bb6
22. cxb5 c4 23. Nb2 axb5 24. a4 1/2-1/2

[Event "Schach Nienberge 2 - Indische Dame Müns"]
[Site "Verbandsklasse 2016/2017"]
[Date "2017.03.25"]
[Round "8.3"]
[White "Tenberge, Norbert"]
[Black "Kluczka, Konrad"]
[Result "0-1"]
[WhiteElo "1828"]
[BlackElo "1817"]
[PlyCount "80"]
[EventDate "2017.??.??"]
[SourceDate "2016.10.13"]

1. d4 d5 2. c4 e6 3. e3 Nf6 4. Nf3 Be7 5. Be2 O-O 6. O-O Nbd7 7. Nc3 Re8 8. Qc2
c6 9. e4 dxe4 10. Nxe4 Nxe4 11. Qxe4 Nf6 12. Qc2 c5 13. Rd1 Qc7 14. Be3 Ng4 15.
Bd2 cxd4 16. h3 Nf6 17. Nxd4 a6 18. b4 e5 19. Nf5 Bf8 20. Rac1 e4 21. Ne3 Be6
22. Bc3 Qf4 23. Nf1 Qg5 24. Qd2 Qg6 25. Kh1 Be7 26. a3 Nh5 27. Qe3 Rad8 28. Be5
Bg5 29. Rxd8 Rxd8 30. Qb6 Rc8 31. Rd1 h6 32. Re1 Nf4 33. Bxf4 Bxf4 34. Qxb7 Rc7
35. Qa8+ Kh7 36. c5 Qg5 37. Qxe4+ g6 38. Bxa6 Bd5 39. Ng3 Bxe4 40. Nxe4 Qd8 0-1

[Event "Schach Nienberge 2 - Indische Dame Müns"]
[Site "Verbandsklasse 2016/2017"]
[Date "2017.03.25"]
[Round "8.4"]
[White "Schipke, Thorsten"]
[Black "ter Veen, Michael"]
[Result "1-0"]
[WhiteElo "1813"]
[BlackElo "1730"]
[PlyCount "36"]
[EventDate "2017.??.??"]
[SourceDate "2016.10.13"]

1. e4 c5 2. Nc3 g6 3. f4 e6 4. Nf3 Bg7 5. e5 a6 6. Ne4 Ne7 7. Nd6+ Kf8 8. Ng5
Nf5 9. Ndxf7 Qe7 10. Nxh8 Bxh8 11. g3 Nc6 12. c3 b5 13. Bg2 Bb7 14. O-O h5 15.
d3 Bg7 16. Qe2 a5 17. Bd2 Rd8 18. Rae1 Kg8 1-0

[Event "Schach Nienberge 2 - Indische Dame Müns"]
[Site "Verbandsklasse 2016/2017"]
[Date "2017.03.25"]
[Round "8.5"]
[White "Glotzbach, Thomas"]
[Black "Van de Vyle, Jan"]
[Result "0-1"]
[WhiteElo "1735"]
[BlackElo "1764"]
[PlyCount "71"]
[EventDate "2017.??.??"]
[SourceDate "2016.10.13"]

1. e4 e5 2. Nf3 Nc6 3. Bc4 Nf6 4. d3 Bc5 5. O-O d6 6. c3 Qe7 7. d4 Bb6 8. h3 h6
9. Re1 O-O 10. d5 Nb8 11. Qc2 Nbd7 12. b4 Nh5 13. Bf1 Qf6 14. Be3 Nf4 15. Nbd2
Bxe3 16. Rxe3 Qg6 17. Nh4 Qh7 18. Nf5 Re8 19. Bb5 Kh8 20. c4 g6 21. Ng3 Rf8 22.
c5 f5 23. f3 Nxh3+ 24. gxh3 f4 25. Rc3 fxg3 26. cxd6 cxd6 27. Rc7 Qe7 28. Kg2
a6 29. Qa4 Qg5 30. Nf1 Nf6 31. Rac1 Bxh3+ 32. Kxh3 Nh5 33. Kg2 axb5 34. Qc2
Nf4+ 35. Kg1 g2 36. Ng3 0-1

[Event "Schach Nienberge 2 - Indische Dame Müns"]
[Site "Verbandsklasse 2016/2017"]
[Date "2017.03.25"]
[Round "8.6"]
[White "Scharlow, Siegmar"]
[Black "Dittberner, Markus"]
[Result "1/2-1/2"]
[WhiteElo "1719"]
[BlackElo "1622"]
[PlyCount "32"]
[EventDate "2017.??.??"]
[SourceDate "2016.10.13"]

1. d4 Nf6 2. c4 g6 3. Nc3 Bg7 4. e4 d6 5. f3 O-O 6. Be3 Na6 7. Qd2 c5 8. d5 Bd7
9. Bh6 Rb8 10. Nge2 b5 11. Bxg7 Kxg7 12. cxb5 Bxb5 13. Nxb5 Rxb5 14. Nd4 Rb6
15. Nc6 Qd7 16. Bxa6 Rxa6 1/2-1/2

[Event "Schach Nienberge 2 - Indische Dame Müns"]
[Site "Verbandsklasse 2016/2017"]
[Date "2017.03.25"]
[Round "8.7"]
[White "Overesch, Dieter"]
[Black "Schulte Austum, Frank"]
[Result "1-0"]
[WhiteElo "1689"]
[BlackElo "1735"]
[PlyCount "103"]
[EventDate "2017.??.??"]
[SourceDate "2016.10.13"]

1. d4 d5 2. Nf3 Nf6 3. Bf4 e6 4. e3 c5 5. Nbd2 Nc6 6. c3 Bd6 7. Bg3 cxd4 8.
exd4 Qc7 9. Bb5 Bd7 10. Bxc6 Bxc6 11. Bxd6 Qxd6 12. Ne5 O-O 13. O-O Rac8 14.
Re1 Nd7 15. Qg4 f6 16. Nd3 e5 17. Qg3 Rce8 18. Nf3 Bb5 19. dxe5 Qb6 20. e6 Rxe6
21. Rxe6 Qxe6 22. Nd4 Qb6 23. Nf4 Bc6 24. Nf5 Rf7 25. Nh6+ Kf8 26. Nxf7 Kxf7
27. b3 d4 28. Qh3 dxc3 29. Qe6+ Kf8 30. Qd6+ Kf7 31. Nd5 Qd4 32. Qe7+ Kg6 33.
Ne3 Qd2 34. Qb4 Qb2 35. Rf1 c2 36. Qd2 Qxa2 37. Qxc2+ Qxc2 38. Nxc2 a6 39. Nd4
Bd5 40. Rc1 Ne5 41. Rc5 Be4 42. f3 Bc6 43. f4 Nd3 44. f5+ Kh6 45. Rc3 Ne5 46.
Rh3+ Kg5 47. Rxh7 g6 48. h4+ Kf4 49. fxg6 Nxg6 50. Nxc6 bxc6 51. h5 Ne5 52. Rg7
1-0

[Event "Schach Nienberge 2 - Indische Dame Müns"]
[Site "Verbandsklasse 2016/2017"]
[Date "2017.03.25"]
[Round "8.8"]
[White "Albustin, Benedikt"]
[Black "Brambrink, Ulf"]
[Result "1-0"]
[WhiteElo "1879"]
[BlackElo "1742"]
[PlyCount "59"]
[EventDate "2017.??.??"]
[SourceDate "2016.10.13"]

1. e4 e5 2. Nf3 d6 3. d4 exd4 4. Nxd4 Nf6 5. Nc3 Be7 6. Bc4 O-O 7. O-O Nxe4 8.
Nxe4 d5 9. Bd3 dxe4 10. Bxe4 Re8 11. Qd3 Bf6 12. Bxh7+ Kh8 13. Nf3 g6 14. Bxg6
fxg6 15. Qxg6 Re6 16. Bh6 Bxb2 17. Qh5 Qe8 18. Qh4 Bxa1 19. Rxa1 Nc6 20. Bd2+
Kg8 21. Bc3 Ne5 22. Nxe5 Rxe5 23. Qg3+ Kf7 24. Bxe5 Qf8 25. Re1 Bd7 26. Qf4+
Kg6 27. Qg3+ Kf7 28. Qg5 Re8 29. Qf6+ Kg8 30. Qg6+ 1-0